000 00770nam a2200193 a 4500
001 BRCA_562
005 20190320203050.0
008 981230s1998 mx-a---##b---#000-0#spa-d
040 _aDLC
_cDLC
050 4 _aNE958.3.M4
_b.D48 1998
245 1 0 _aDevocionario mexicano
_bpequeños grabados novohispanos.
260 _aMéxico
_bBackal
_c1998
300 _a163 p.
_bil.
_c27 cm.
_e1 invitación
500 _aCatálogo de la exposición realizada en la Pinacoteca Virreinal de San Diego (Ciudad de México), 18 junio - 18 agosto, 1998
504 _aIncluye referencias bibliográficas
650 1 4 _aTarjetas santas
_vExposiciones
_yÉpoca colonial, 1521-1821
_zMéxico
_91942
650 1 4 _aImpresiones mexicanas
_vExposiciones
_yÉpoca colonial, 1521-1821
_91943
942 _2lcc
_cB
999 _c493
_d493